000 00994nam a2200277 i 4500
001 13203
003 ES-MaACL
005 20250828080133.0
007 t|
008 930329s1990 sp a ||||0| spa d
020 _a84-87290-10-8
080 _a908(460.27 M.)"16/17"
100 1 _aHidalgo Monteagudo, Ramón.
_963596
245 1 0 _aMadrid barroco /
_cGrupo Ciudad y Educación, Ramón Hidalgo Monteagudo, Rosalía Ramos Guarido, Fidel Revilla González.
260 _aMadrid :
_bLa Librería,
_cD.L. 1990.
300 _a79 p. :
_bil. ;
_c21 cm.
490 1 _aRecorridos didácticos por Madrid ;
_v7
650 4 _aArquitectura barroca-
_zMadrid (Comunidad Autónoma)
_9151118
651 4 _aMadrid-
_xDescripción.
_98952
700 1 _aRamos Guarido, Rosalía.
_995322
700 1 _aRevilla González, Fidel.
_996438
710 2 _aGrupo Ciudad y Educación
_94505
830 0 _aRecorridos didácticos por Madrid ;
_v7
_9179420
852 _aES-MaACL
_jL-20504
999 _c13203
_d13203